Best practice commercial delivery in infrastructure (Record no. 121377)

MARC details
000 -LEADER
fixed length control field 00676nam a22001937a 4500
008 - FIXED-LENGTH DATA ELEMENTS--GENERAL INFORMATION
fixed length control field 230215s2016 xxk|||||o|||| 00| 0 eng d
041 ## - LANGUAGE CODE
Language code of text/sound track or separate title eng
110 ## - MAIN ENTRY--CORPORATE NAME
Corporate author Royal Institution of Chartered Surveyors
245 ## - TITLE STATEMENT
Title Best practice commercial delivery in infrastructure
Medium [Electronic resource]
260 ## - PUBLICATION INFORMATION
Place of publication London,
Publisher Royal Institution of Chartered Surveyors,
Date 2016
300 ## - PHYSICAL DESCRIPTION
Physical description 18p.
650 ## - KEYWORDS
Keywords INFRASTRUCTURE
651 ## - SUBJECT ADDED ENTRY--GEOGRAPHIC NAME
Geographic name International
700 ## - ADDED PERSONAL NAME
Added personal author Mallett, Robert
700 ## - ADDED PERSONAL NAME
Added personal author Tooth, Ed
710 ## - ADDED CORPORATE NAME
Added corporate author Royal Institution of Chartered Surveyors
856 ## - ONLINE RESOURCE
Uniform Resource Identifier <a href="https://issuu.com/ricsmodus/docs/21586_rics_infrastructure_paper_v7_">https://issuu.com/ricsmodus/docs/21586_rics_infrastructure_paper_v7_</a>
Public note Available free on ISSUU
942 ## - ADDED ENTRY ELEMENTS (KOHA)
Suppress in OPAC Do not suppress in OPAC
Holdings
Lost status Damaged status Not for loan Current library Shelving location Date acquired Total Checkouts Full call number Date last seen Price effective from Koha item type
      London RICS Boxes 15/02/2023   RICS 2016/16 15/02/2023 15/02/2023 Archive
      Virtual Online 15/02/2023     15/02/2023 15/02/2023 Online material